[Event "Elit(Solna-Eksjo)"]
[Site "?"]
[Date "2012.03.11"]
[Round "9"]
[White "Azizi, Haroon"]
[Black "Akvist, Hakan"]
[Result "0-1"]
[WhiteElo "2210"]
[BlackElo "2061"]
[PlyCount "98"]

1. d4 e6 2. Nf3 Nf6 3. g3 c5 4. c3 b6 5. Bg2 Bb7 6. O-O Be7 7. Re1 O-O 8. Nbd2
cxd4 9. cxd4 d6 10. b3 Nbd7 11. e4 Rc8 12. Bb2 Qc7 13. Rc1 Qb8 14. Ba3 Rxc1 15.
Qxc1 Rc8 16. Qb1 Bf8 17. h3 d5 18. Bxf8 dxe4 19. Ba3 exf3 20. Bxf3 Bxf3 21.
Nxf3 h6 22. Qd3 Qb7 23. Rc1 Rxc1+ 24. Bxc1 Qd5 25. Qe2 b5 26. Be3 a5 27. Ne1
Ne4 28. Nd3 Nc3 29. Qc2 b4 30. a3 Qf3 31. axb4 axb4 32. Nxb4 Ne2+ 33. Kh2 Nf6
34. Nd3 Nxg3 35. fxg3 Qxe3 36. Ne5 Qxd4 37. Nf3 Qe4 38. Qxe4 Nxe4 39. Kg2 Kf8
40. Nd4 Ke7 41. Kf3 Ng5+ 42. Kg2 Kd6 43. h4 Ne4 44. g4 Kd5 45. Nc2 g5 46. hxg5
hxg5 47. Na3 f5 48. Nc4 f4 49. Kf3 Kd4 0-1

[Event "Elit(Solna-Eksjo)"]
[Site "?"]
[Date "2012.03.11"]
[Round "9"]
[White "Al-Saadi, Ali Ghazi"]
[Black "Landgren, Andreas"]
[Result "0-1"]
[WhiteElo "2157"]
[BlackElo "2250"]
[PlyCount "66"]

1. e4 c5 2. b3 Nc6 3. Nf3 e5 4. Bb5 d6 5. O-O g6 6. d3 Bg7 7. Bg5 Nge7 8. Qd2
h6 9. Bxe7 Qxe7 10. Nc3 a6 11. Nd5 Qd8 12. Bxc6+ bxc6 13. Ne3 O-O 14. c4 f5 15.
Kh1 f4 16. Nc2 Bg4 17. Ng1 f3 18. g3 Qd7 19. Ne3 h5 20. Rfe1 Bh6 21. Qd1 Rf7
22. Rb1 Raf8 23. b4 cxb4 24. d4 Bh3 25. Nxh3 Qxh3 26. Rg1 Bxe3 27. fxe3 Qg4 28.
Qf1 f2 29. Rg2 a5 30. dxe5 dxe5 31. c5 Qxe4 32. Rb2 Qxe3 33. h3 Qe1 0-1

[Event "Elit(Solna-Eksjo)"]
[Site "?"]
[Date "2012.03.11"]
[Round "9"]
[White "Steneskog, Per"]
[Black "Karlsson, Roger"]
[Result "1-0"]
[WhiteElo "2249"]
[BlackElo "1917"]
[PlyCount "81"]

1. d4 d5 2. c4 c6 3. Nf3 Nf6 4. Nc3 e6 5. cxd5 exd5 6. Qc2 Be7 7. Bg5 h6 8. Bh4
Nbd7 9. e3 Nh5 10. Bxe7 Qxe7 11. O-O-O O-O 12. g4 Nhf6 13. g5 Ne4 14. gxh6 g6
15. Rg1 Kh8 16. Bd3 Ndf6 17. Ne5 Bf5 18. f3 Nxc3 19. Qxc3 c5 20. Bxf5 cxd4 21.
Qxd4 gxf5 22. Nd7 Rfc8+ 23. Kb1 Rc6 24. Nxf6 Qxf6 25. Qxd5 Rac8 26. Rg2 Rg8 27.
Rxg8+ Kxg8 28. Qd8+ Qxd8 29. Rxd8+ Kh7 30. Rd7 Re6 31. Rxf7+ Kxh6 32. Rxf5 Rxe3
33. Rf7 Kg6 34. Rxb7 Rxf3 35. Rxa7 Rh3 36. Re7 Rxh2 37. a3 Kf6 38. Re3 Kf5 39.
Ka2 Kf4 40. Re7 Rh3 41. a4 1-0

[Event "Elit(Vasteras-Manhem)"]
[Site "?"]
[Date "2012.03.11"]
[Round "9"]
[White "Vas, Peter"]
[Black "Sjodahl, Pontus"]
[Result "1/2-1/2"]
[WhiteElo "2420"]
[BlackElo "2485"]
[PlyCount "79"]

1. e4 e6 2. d4 d5 3. Nd2 c5 4. exd5 exd5 5. Ngf3 Nf6 6. Bb5+ Bd7 7. Bxd7+ Nbxd7
8. O-O Be7 9. dxc5 Nxc5 10. Nb3 Nce4 11. Nfd4 Qd7 12. Qf3 O-O 13. Nf5 Bd8 14.
Be3 g6 15. Ng3 Rc8 16. c3 a5 17. Rfd1 a4 18. Nd2 Qe6 19. Bd4 Re8 20. Qd3 Bb6
21. Re1 Qc6 22. a3 Re6 23. Rab1 Rce8 24. Nf3 Nc5 25. Rxe6 Rxe6 26. Qc2 Qb5 27.
Rd1 Nce4 28. Re1 Qc4 29. Nxe4 Nxe4 30. h3 Bd8 31. Ne5 Qb5 32. f3 Nd6 33. Nd3
Rxe1+ 34. Nxe1 Nf5 35. Bf2 Bf6 36. Qd2 Qb3 37. g4 Ng7 38. Nd3 Ne6 39. Nc5 Nxc5
40. Bxc5 1/2-1/2

[Event "Elit(Vasteras-Manhem)"]
[Site "?"]
[Date "2012.03.11"]
[Round "9"]
[White "Olausson, Claes-Goran"]
[Black "Eriksson, Anders"]
[Result "1/2-1/2"]
[WhiteElo "2360"]
[BlackElo "2312"]
[PlyCount "43"]

1. Nf3 Nf6 2. g3 b6 3. Bg2 Bb7 4. O-O e6 5. c4 c5 6. Nc3 Be7 7. d4 cxd4 8. Qxd4
d6 9. Rd1 O-O 10. Bg5 Nbd7 11. Nb5 d5 12. cxd5 Bxd5 13. Nc3 Bc6 14. b4 b5 15.
Ne5 Nxe5 16. Qxe5 Nd7 17. Bxe7 Nxe5 18. Rxd8 Rfxd8 19. Bxc6 Nxc6 20. Bxd8 Rxd8
21. Nxb5 Nxb4 22. Nxa7 1/2-1/2

[Event "Elit(Vasteras-Manhem)"]
[Site "?"]
[Date "2012.03.11"]
[Round "9"]
[White "Norberg, Johan"]
[Black "Welin, Mats"]
[Result "0-1"]
[WhiteElo "2349"]
[BlackElo "2353"]
[PlyCount "78"]

1. e4 e5 2. Nf3 Nc6 3. d4 exd4 4. Bc4 Bc5 5. O-O d6 6. c3 Bg4 7. Qb3 Bxf3 8.
Bxf7+ Kf8 9. Bxg8 Rxg8 10. gxf3 g5 11. Kg2 Ne5 12. cxd4 Bxd4 13. Rd1 Bb6 14.
Nd2 Qf6 15. Nc4 Nxc4 16. Qxc4 g4 17. f4 Qh4 18. Qe2 Re8 19. Bd2 Rg6 20. f5 Qh3+
21. Kh1 g3 22. fxg3 Rxg3 23. Bf4 Rf3 24. Rf1 Rxf1+ 25. Rxf1 Rxe4 26. Qd1 Be3
27. Bg3 Qg4 28. Qc2 Rc4 29. Qg2 Qe4 30. Qxe4 Rxe4 31. Kg2 Bb6 32. Kf3 d5 33.
Bf4 Kf7 34. Rd1 c6 35. Bg5 h5 36. Rd2 Re5 37. Kf4 Bc7 38. Rg2 Re1+ 39. Kf3 Rf1+
0-1

[Event "Elit(Vasteras-Manhem)"]
[Site "?"]
[Date "2012.03.11"]
[Round "9"]
[White "Moberg, Karl Johan"]
[Black "Brustkern, Jurgen"]
[Result "1/2-1/2"]
[WhiteElo "2337"]
[BlackElo "2281"]
[PlyCount "32"]

1. d4 Nf6 2. c4 c5 3. d5 b5 4. Nf3 e6 5. Bg5 exd5 6. cxd5 d6 7. e4 a6 8. a4 Be7
9. Bxf6 Bxf6 10. Qc1 Qa5+ 11. Nc3 b4 12. Nb1 O-O 13. Nbd2 Re8 14. Bd3 Bg4 15.
Nc4 Qc7 16. Nfd2 Bd4 1/2-1/2

[Event "Elit(Vasteras-Manhem)"]
[Site "?"]
[Date "2012.03.11"]
[Round "9"]
[White "Janse, Rasmus"]
[Black "Akesson, Joel"]
[Result "1/2-1/2"]
[WhiteElo "2253"]
[BlackElo "2349"]
[PlyCount "70"]

1. d4 d5 2. c4 c6 3. Nf3 Nf6 4. Nc3 dxc4 5. a4 Bf5 6. Ne5 Nbd7 7. Nxc4 Nb6 8.
Ne5 a5 9. f3 Nfd7 10. Nxd7 Nxd7 11. e4 Bg6 12. Be3 Qb6 13. Qd2 e5 14. dxe5 Bc5
15. Bxc5 Nxc5 16. Rb1 Rd8 17. Qf2 O-O 18. Be2 Qb4 19. O-O Nxa4 20. Qe3 Nc5 21.
Na2 Qd4 22. Kf2 Qxe5 23. b4 axb4 24. Rxb4 Ne6 25. g3 Qa5 26. Rb2 Nd4 27. Nc3
Nxe2 28. Nxe2 Rd7 29. Rfb1 Qa6 30. Rb6 Qa7 31. R1b3 Rfd8 32. Nf4 Rd2+ 33. Ne2
R2d7 34. Nf4 Rd2+ 35. Ne2 R2d7 1/2-1/2

[Event "Elit(Vasteras-Manhem)"]
[Site "?"]
[Date "2012.03.11"]
[Round "9"]
[White "Carlhammar, Magnus"]
[Black "Nordebrink, Johan"]
[Result "1/2-1/2"]
[WhiteElo "2329"]
[BlackElo "2150"]
[PlyCount "106"]

1. Nf3 Nf6 2. g3 c5 3. Bg2 Nc6 4. O-O g6 5. d4 cxd4 6. Nxd4 Bg7 7. c4 O-O 8.
Nc3 Ng4 9. e3 d6 10. h3 Nxd4 11. exd4 Nh6 12. Bxh6 Bxh6 13. b4 Bg7 14. Rc1 Be6
15. c5 dxc5 16. dxc5 Qc8 17. Nd5 Re8 18. Kh2 Kf8 19. Nf4 Bd7 20. Nd5 Be6 21.
Qf3 Rb8 22. Rfd1 Bd7 23. Qa3 Bc6 24. Qb3 Qf5 25. Kg1 Bh6 26. Rc3 Red8 27. b5
Be8 28. Rf3 Qe5 29. a4 Rbc8 30. Rfd3 Rxc5 31. Qb4 Rdc8 32. f4 Qd6 33. Qe4 Rc4
34. Qe3 Rxa4 35. b6 Qc5 36. bxa7 Rxa7 37. Qxc5 Rxc5 38. Nb6 Rc7 39. Rd8 e6 40.
Rb8 Ra6 41. Nc8 Kg7 42. Nd6 Ba4 43. Rd3 Rc1+ 44. Bf1 Bc6 45. Ne8+ Bxe8 46. Rxe8
Raa1 47. Rf3 Ra4 48. h4 Rd4 49. Rb8 Rb1 50. Kg2 Kf6 51. Rh8 Kg7 52. Rb8 Kf6 53.
Rh8 Kg7 1/2-1/2

[Event "Elit(Vasteras-Manhem)"]
[Site "?"]
[Date "2012.03.11"]
[Round "9"]
[White "Norberg, Erik"]
[Black "Outgajjouft, Said"]
[Result "1-0"]
[WhiteElo "2234"]
[BlackElo "2139"]
[PlyCount "103"]

1. e4 Nf6 2. e5 Nd5 3. d4 d6 4. Nf3 Bg4 5. Be2 e6 6. O-O Be7 7. c4 Nb6 8. Nc3
O-O 9. exd6 cxd6 10. b3 Nc6 11. Be3 d5 12. c5 Nc8 13. b4 Nxb4 14. Rb1 Nc6 15.
Rxb7 Bf6 16. Qa4 N8e7 17. h3 Bxf3 18. Bxf3 Qa5 19. Qxa5 Nxa5 20. Rb5 Nac6 21.
Rd1 Nf5 22. Ne2 Rfb8 23. a4 g6 24. g4 Nh4 25. Bh1 a6 26. Rbb1 Rxb1 27. Rxb1 Rb8
28. Rxb8+ Nxb8 29. Kf1 Nc6 30. Ke1 Kf8 31. Kd2 Ke8 32. Kd3 Kd7 33. Bd2 Be7 34.
f4 Bf6 35. Be1 Bd8 36. Ng1 Na5 37. Ne2 Nc6 38. Nc1 h5 39. Ke3 hxg4 40. hxg4 g5
41. f5 exf5 42. Bxd5 fxg4 43. Be4 f5 44. Bxh4 gxh4 45. Bxf5+ Kc7 46. Ne2 g3 47.
d5 Nb4 48. Kd4 Bg5 49. Kc4 Bd2 50. d6+ Kd8 51. Bh3 Nc6 52. Nd4 1-0